000 00570nam a22002057a 4500
005 20170511143749.0
010 _aA-791041
020 _a817014017x
_c75.00
035 _aA-791041
037 _bDpl/CL
082 _a338.5
100 _aSundharam,K.P.M.
245 _aMicro economics /
_cby K.P.M. Sundharam [and] E.N. Sundharam
250 _a9th rev. ed
260 _aNew Delhi
_bSultan Chand
_c1996
270 _a23, Darya Ganj
_bNew Delhi
_e110002
300 _av,552p.
_c22cm(Hb)
700 _aSundharam,E.N.
942 _2ddc
_cEN
_h338.5
_mSUN
999 _c139715
_d139715